000
00254nam a22001217a 4500
003
SGT
082
_a
370
_b
KAK
100
_a
KAKAR, NAMITA
245
_a
GUIDANCE AND COUNSELING
260
_a
DELHI
_b
RI PUB.
_c
2018
300
_a
285
942
_2
ddc
_c
BK
_0
2
999
_c
17601
_d
17601